000 00799nab a2200241 u 4500
001 08016
003 HDC
007 cr bn ---aaaaa
008 210129c mydr|nes 0 a may d
040 _aHDC
100 _aAinol Amriz Ismail
_eauthor
_98524
245 0 _a¬Eksekutif halal sangat perlu /
_cby Ainol Amriz Ismail
260 _aKuala Lumpur :
_bUTUSAN MALAYSIA,
_c2014
336 _atext
_2rdacontent
337 _acomputer
_2rdamedia
338 _aonline resource
_2rdacarrier
650 _aFood and beverage
_96147
650 _aHalal industry
_9144
856 _zRequest full-text at [email protected]
942 _2lcc
942 _cNEWS
942 _kNWSC 001288
999 _c5339
_d5339